000 nam a22 7a 4500
999 _c7543
_d7543
008 170920b xxu||||| |||| 00| 0 eng d
100 _94064
_aReaders
245 _aCrafts and Hobbies
260 _aNewyork
_bReaders Digest
_c1961